BUBT Library Online Catalog

বঙ্গবন্ধুর ভাষণ ও বিবৃতি / (Record no. 6593)

000 -LEADER
fixed length control field 00944nam a22002177a 4500
003 - CONTROL NUMBER IDENTIFIER
control field BUBTL
008 - FIXED-LENGTH DATA ELEMENTS--GENERAL INFORMATION
fixed length control field 211202b ||||| |||| 00| 0 eng d
020 ## - INTERNATIONAL STANDARD BOOK NUMBER
International Standard Book Number 97898492713354
082 ## - DEWEY DECIMAL CLASSIFICATION NUMBER
Classification number 954.925/ Sa312b/ 2019
100 ## - MAIN ENTRY--PERSONAL NAME
9 (RLIN) 4439
Personal name সালাহউদ্দিন, মোহাম্মদ
245 ## - TITLE STATEMENT
Title বঙ্গবন্ধুর ভাষণ ও বিবৃতি /
Statement of responsibility, etc. মোহাম্মদ সালাহউদ্দিন
250 ## - EDITION STATEMENT
Edition statement 1st Edn.
260 ## - PUBLICATION, DISTRIBUTION, ETC. (IMPRINT)
Place of publication, distribution, etc. ঢাকা:
Name of publisher, distributor, etc. জয়বাংলা একাডেমি,
Date of publication, distribution, etc. c2019
300 ## - PHYSICAL DESCRIPTION
Extent 336 p.:
Dimensions 22 cm.
505 ## - FORMATTED CONTENTS NOTE
Formatted contents note বঙ্গবন্ধুর ভাষণ ও বিবৃতি, বঙ্গবন্ধু, ভাষণ, মোহাম্মদ সালাহউদ্দিন
650 #0 - SUBJECT ADDED ENTRY--TOPICAL TERM
9 (RLIN) 3574
Topical term or geographic name as entry element বঙ্গবন্ধু
650 #0 - SUBJECT ADDED ENTRY--TOPICAL TERM
9 (RLIN) 4372
Topical term or geographic name as entry element Bangabandhu
856 ## - ELECTRONIC LOCATION AND ACCESS
Password 0
Logon 0
Link text Download
942 ## - ADDED ENTRY ELEMENTS (KOHA)
Source of classification or shelving scheme
Koha item type Books
Holdings
Withdrawn status Lost status Source of classification or shelving scheme Damaged status Not for loan Collection code Permanent location Current location Shelving location Date acquired Source of acquisition Inventory number Total Checkouts Full call number Barcode Date last seen Date last checked out Copy number Price effective from Koha item type
          Non-fiction Bangladesh University of Business and Technology Library Bangladesh University of Business and Technology Library Historical Books 03/14/2020 Purchase 27265 1 954.925/ Sa312b/ 2019 BUBTL-200327265 03/14/2024 03/09/2024 C-1 12/02/2021 Books

More Information About Library

Library Hours

  • Open: 9.00 am. to 9.00 pm.
  • Only Sunday: 9.00 am. to 6.00 pm.
  • Closed: Holiday

Contact to the University

Bangladesh University of Business and Technology Library

  • Mirpurl-2, 1216.
  • Phone:
  • Fax:
  • E-Mail: admin.library@bubt.edu.bd

Contact to the Library

Contact Person:

Md. Abdul Hakim Shah
Joint Librarian
PABX No:  113
Cell No: 01816332931
E-mail: official: admin.library@bubt.edu.bd
Personal: hakim.shah@bubt.edu.bd


BUBT Library

Copyright © 2021